[Event "British Columbia op"]
[Site "Richmond"]
[Date "2013.02.11"]
[Round "5"]
[White "Han, Yiming"]
[Black "Doknjas, Joshua"]
[Result "1-0"]
[WhiteElo "1926"]
[BlackElo "1838"]
[PlyCount "119"]
[EventDate "2013.02.09"]
[EventRounds "5"]
[EventCountry "CAN"]
[SourceDate "2005.09.12"]

1. e4 c5 2. Nf3 d6 3. d4 cxd4 4. Nxd4 Nf6 5. Nc3 a6 6. Be3 e5 7. Nb3 Be6 8. Be2
Be7 9. O-O O-O 10. f4 exf4 11. Rxf4 Nc6 12. Nd5 Bxd5 13. exd5 Ne5 14. c4 Nfd7
15. Rf5 Rc8 16. Rc1 b6 17. Nd4 Re8 18. Rxf7 Bf6 19. Ne6 Nxf7 20. Nxd8 Rcxd8 21.
Bf2 Bxb2 22. Rb1 Bf6 23. Bf1 Rb8 24. Rb3 Ng5 25. Bd3 Nc5 26. Rb1 Nge4 27. Bxe4
Rxe4 28. Bxc5 dxc5 29. Qd3 Bd4+ 30. Kh1 Rbe8 31. g3 Re2 32. Rf1 Rxa2 33. Qf5
Bf6 34. d6 Rd2 35. d7 Re7 36. g4 Re5 37. Qf3 Rxd7 38. Qa8+ Rd8 39. Qxa6 h6 40.
Qxb6 Rd4 41. h3 Rd3 42. Kg2 Ree3 43. Qb8+ Kh7 44. Qf4 Rxh3 45. Re1 Rhg3+ 46.
Qxg3 Rxg3+ 47. Kxg3 Bd4 48. Kf4 Kg6 49. Re6+ Kf7 50. Kf5 Bc3 51. Rc6 Bd4 52.
Rc7+ Ke8 53. Kg6 Kf8 54. Kh7 Be3 55. Rxg7 Bg5 56. Rc7 Be3 57. Rc6 Kf7 58. Rxh6
Bxh6 59. Kxh6 Ke6 60. g5 1-0

[Event "British Columbia op"]
[Site "Richmond"]
[Date "2013.02.11"]
[Round "5"]
[White "Pechisker, Alfred"]
[Black "Cao, Jason"]
[Result "1-0"]
[WhiteElo "2242"]
[BlackElo "2223"]
[PlyCount "93"]
[EventDate "2013.02.09"]
[EventRounds "5"]
[EventCountry "CAN"]
[SourceDate "2005.09.12"]

1. d4 Nf6 2. c4 g6 3. Nc3 Bg7 4. e4 d6 5. f3 O-O 6. Bg5 a6 7. Qd2 c5 8. d5 Nbd7
9. Nh3 b5 10. cxb5 Qa5 11. Nf2 axb5 12. Nxb5 Qb6 13. a4 Ba6 14. Be2 Rfc8 15.
O-O c4 16. Be3 Qb7 17. Qb4 Ne5 18. f4 Nd3 19. Nxd3 cxd3 20. Bxd3 Bxb5 21. axb5
Nd7 22. Rxa8 Qxa8 23. b6 Nc5 24. Bb5 Rb8 25. Qc4 Bxb2 26. Bxc5 dxc5 27. Bc6 Qa5
28. b7 Bd4+ 29. Kh1 Qb6 30. Qe2 Kg7 31. e5 e6 32. Qe4 exd5 33. Bxd5 Rd8 34. g3
Qc7 35. Rb1 Rb8 36. Bc4 Bc3 37. Rb5 Bb4 38. Kg2 Rd8 39. Kf3 Kf8 40. e6 fxe6 41.
Qxe6 Kg7 42. Qe5+ Qxe5 43. fxe5 Rb8 44. Ke4 Kf8 45. Kd5 Ke7 46. Kc6 g5 47. Kc7
1-0

[Event "British Columbia op"]
[Site "Richmond"]
[Date "2013.02.11"]
[Round "5"]
[White "Kenney, Jason"]
[Black "Herdin, Matthew"]
[Result "1/2-1/2"]
[WhiteElo "2250"]
[BlackElo "1976"]
[PlyCount "69"]
[EventDate "2013.02.09"]
[EventRounds "5"]
[EventCountry "CAN"]
[SourceDate "2005.09.12"]

1. d4 Nf6 2. c4 g6 3. Nc3 d5 4. Bf4 Bg7 5. e3 O-O 6. Rc1 dxc4 7. Bxc4 c5 8.
dxc5 Qa5 9. Nf3 Qxc5 10. Bb3 Nc6 11. O-O Rd8 12. Qe2 Bg4 13. h3 Bxf3 14. Qxf3
Qa5 15. Rfd1 e6 16. g4 Rxd1+ 17. Rxd1 Rd8 18. Rxd8+ Nxd8 19. e4 Nc6 20. Qd3 a6
21. Kg2 Qd8 22. Qxd8+ Nxd8 23. Bc7 Nc6 24. f4 Ne8 25. Bb6 Bd4 26. Na4 Bxb6 27.
Nxb6 Kf8 28. Nd7+ Ke7 29. Nc5 Na5 30. Bc2 Nc7 31. Bd3 e5 32. fxe5 Ne6 33. Nxe6
Kxe6 34. Kf3 Kxe5 35. Ke3 1/2-1/2

[Event "British Columbia-ch Senior"]
[Site "Vancouver"]
[Date "2013.01.11"]
[Round "1"]
[White "Harris, Phillip"]
[Black "McLaren, Brian"]
[Result "1-0"]
[WhiteElo "1760"]
[BlackElo "2174"]
[PlyCount "67"]
[EventDate "2013.01.13"]
[EventRounds "5"]
[EventCountry "CAN"]
[SourceDate "2005.09.12"]

1. d4 d5 2. c4 e6 3. Nc3 c6 4. Nf3 dxc4 5. a4 Bb4 6. e4 b5 7. Be2 Nf6 8. Qc2
Bb7 9. O-O a6 10. Rd1 h6 11. Ne5 O-O 12. Be3 Nbd7 13. f4 Qc7 14. Bf3 Bxc3 15.
Qxc3 c5 16. Nxd7 Nxd7 17. b3 cxd4 18. Bxd4 f6 19. g3 Rfc8 20. Rac1 Nc5 21. bxc4
Nxa4 22. Qa3 Bc6 23. cxb5 axb5 24. e5 Qb7 25. Bxc6 Rxc6 26. exf6 Rxc1 27. Qxc1
gxf6 28. Bxf6 Qf7 29. Be5 Qe8 30. Qc7 Qg6 31. Rd7 Kf8 32. Rg7 Qb1+ 33. Kg2 Qe4+
34. Kf2 1-0

[Event "British Columbia-ch Senior"]
[Site "Vancouver"]
[Date "2013.01.14"]
[Round "1"]
[White "Kosinski, George"]
[Black "Escandor, Manuel"]
[Result "1/2-1/2"]
[WhiteElo "1840"]
[BlackElo "1641"]
[PlyCount "73"]
[EventDate "2013.01.13"]
[EventRounds "5"]
[EventCountry "CAN"]
[SourceDate "2005.09.12"]

1. c4 e5 2. g3 Nf6 3. Bg2 Bc5 4. Nf3 Nc6 5. O-O O-O 6. Nxe5 Nxe5 7. d4 Bxd4 8.
Qxd4 Re8 9. Nc3 Nc6 10. Qd2 d6 11. e4 Rb8 12. h3 Ne5 13. f4 Nxc4 14. Qd4 Nb6
15. b3 h6 16. Bb2 Bd7 17. e5 dxe5 18. fxe5 Nh7 19. Ne4 Be6 20. Qf2 Qe7 21. Nc5
c6 22. Ne4 Ng5 23. Nd6 Rf8 24. g4 f6 25. Nf5 Bxf5 26. exf6 gxf6 27. Qxf5 Nd7
28. Rae1 Qg7 29. h4 Nh7 30. Be4 Rf7 31. Bd3 Nb6 32. Re3 Nd5 33. Rg3 Qf8 34.
Qg6+ Qg7 35. g5 hxg5 36. hxg5 Qxg6 37. Bxg6 1/2-1/2

[Event "British Columbia-ch Senior"]
[Site "Vancouver"]
[Date "2013.01.13"]
[Round "4"]
[White "Dimitrijevic, Darko"]
[Black "Campos, Alonso"]
[Result "0-1"]
[WhiteElo "2019"]
[BlackElo "1862"]
[PlyCount "112"]
[EventDate "2013.01.13"]
[EventRounds "5"]
[EventCountry "CAN"]
[SourceDate "2005.09.12"]

1. e4 e5 2. Nf3 Nf6 3. Qe2 d6 4. g3 Nc6 5. Bg2 Bg4 6. c3 Be7 7. d3 O-O 8. h3
Bh5 9. g4 Bg6 10. Nh4 d5 11. Nf5 dxe4 12. dxe4 Re8 13. Be3 Bxf5 14. gxf5 Qd7
15. Nd2 Rad8 16. O-O-O Qc8 17. h4 Na5 18. h5 h6 19. Rdg1 Kh7 20. Bf3 b6 21. Rg3
Rg8 22. b4 Nb7 23. Nc4 Bd6 24. Rg6 b5 25. Nxd6 Nxd6 26. Bxh6 Qa6 27. Kb1 Nc4
28. Bc1 Rh8 29. Rg5 Qd6 30. Rhg1 Rhg8 31. h6 g6 32. fxg6+ fxg6 33. R5g3 a5 34.
a3 axb4 35. axb4 c5 36. Rd1 Qe7 37. Rxd8 Rxd8 38. Qa2 cxb4 39. Bg5 bxc3 40.
Bxf6 Qxf6 41. Qa7+ Kh8 42. Be2 Nd2+ 43. Kc1 b4 44. Qb7 b3 45. Rxc3 Qf8 46. Kb2
Ra8 47. Qg7+ Qxg7 48. hxg7+ Kxg7 49. Rxb3 Nxb3 50. Kxb3 Kf6 51. Bg4 Kg5 52. f3
Kf4 53. Kc4 Rd8 54. Kc5 g5 55. Kc4 Rd1 56. Kc5 Rd3 0-1

[Event "British Columbia-ch Senior"]
[Site "Vancouver"]
[Date "2013.01.13"]
[Round "5"]
[White "Cruden, Neil"]
[Black "Dimitrijevic, Darko"]
[Result "0-1"]
[WhiteElo "1849"]
[BlackElo "2019"]
[PlyCount "148"]
[EventDate "2013.01.13"]
[EventRounds "5"]
[EventCountry "CAN"]
[SourceDate "2005.09.12"]

1. e4 c5 2. Nf3 e6 3. c3 d5 4. exd5 exd5 5. d4 Nc6 6. Be2 Nf6 7. O-O Be7 8.
dxc5 Bxc5 9. Bb5 O-O 10. Bg5 Be7 11. Nbd2 a6 12. Ba4 h6 13. Bh4 Bg4 14. h3 Bh5
15. Re1 g5 16. Bg3 b5 17. Bc2 d4 18. cxd4 Nxd4 19. Be5 Nxc2 20. Qxc2 Rc8 21.
Qb3 Bg6 22. Rac1 Bc5 23. Qd1 Qb6 24. Rxc5 Rxc5 25. Bd4 Qd6 26. Bxc5 Qxc5 27.
Nb3 Qc7 28. Qd4 Qd8 29. Rd1 Qxd4 30. Rxd4 Ra8 31. Ne5 Bf5 32. g4 Be6 33. Nc6
Kg7 34. Rd8 Rxd8 35. Nxd8 Bd5 36. Nc5 a5 37. a3 h5 38. gxh5 Nxh5 39. Ndb7 a4
40. Nd6 Bc6 41. Nd3 Kf6 42. Nb4 Bd7 43. Kh2 Nf4 44. Ne4+ Kg6 45. Kg3 Bxh3 46.
Nc2 Bf5 47. f3 Nd3 48. Nd4 Bd7 49. Nd6 Nxb2 50. N6xb5 Nc4 51. f4 f5 52. fxg5
Kxg5 53. Nxf5 Bxb5 54. Nd4 Nxa3 55. Ne6+ Kf6 56. Nc5 Nc4 57. Nxa4 Bxa4 58. Kf4
Bc2 59. Kf3 Kf5 60. Ke2 Kf4 61. Kf2 Bd1 62. Ke1 Bg4 63. Kf2 Bf3 64. Kf1 Ke3 65.
Ke1 Ne5 66. Kf1 Ng4 67. Kg1 Nf2 68. Kh2 Kf4 69. Kg1 Kg3 70. Kf1 Nd3 71. Kg1 Be2
72. Kh1 Nf4 73. Kg1 Nh3+ 74. Kh1 Bf3# 0-1

[Event "British Columbia-ch Senior"]
[Site "Vancouver"]
[Date "2013.01.13"]
[Round "5"]
[White "Campos, Alonso"]
[Black "McLaren, Brian"]
[Result "1-0"]
[WhiteElo "1862"]
[BlackElo "2174"]
[PlyCount "101"]
[EventDate "2013.01.13"]
[EventRounds "5"]
[EventCountry "CAN"]
[SourceDate "2005.09.12"]

1. d4 d5 2. Nd2 Nf6 3. Ngf3 Bf5 4. Nh4 Bc8 5. e3 g6 6. Be2 Bg7 7. O-O Ne4 8.
Nxe4 dxe4 9. g3 Nc6 10. c3 Bh3 11. Re1 Qd7 12. b4 h5 13. f4 exf3 14. Bxf3 a6
15. e4 Nxd4 16. cxd4 Qxd4+ 17. Qxd4 Bxd4+ 18. Be3 Bxa1 19. Rxa1 O-O-O 20. Be2
Bg4 21. Nf3 f6 22. h4 Bd7 23. a4 Bc6 24. Nd2 b5 25. axb5 Bxb5 26. Nc4 Kd7 27.
Kf2 Ke6 28. Na5 Kf7 29. Nb7 Rb8 30. Bxb5 axb5 31. Na5 Ra8 32. Rc1 Rhc8 33. Rc6
e5 34. Ke2 Re8 35. Rxc7+ Re7 36. Rc5 Rd7 37. Rxb5 Rad8 38. Rb6 Rd1 39. Rb7+ Ke6
40. Nb3 Rb1 41. Rb6+ Kf7 42. Rb7+ Kg8 43. Nd2 Rb2 44. b5 f5 45. b6 f4 46. gxf4
exf4 47. Bxf4 Rd4 48. Ke1 Rdb4 49. Be3 Rb5 50. Kd1 Ra2 51. Rc7 1-0

[Event "CAN-Tch University"]
[Site "Montreal"]
[Date "2013.01.12"]
[Round "1"]
[White "Voloaca, Mihnea"]
[Black "Szalay, Karoly"]
[Result "0-1"]
[WhiteElo "2332"]
[BlackElo "2371"]
[PlyCount "70"]
[EventDate "2013.01.12"]
[EventRounds "5"]
[EventCountry "CAN"]
[SourceDate "2005.09.12"]

1. d4 d5 2. c4 e6 3. Nc3 c6 4. e4 Bb4 5. e5 Ne7 6. a3 Bxc3+ 7. bxc3 c5 8. Nf3
Nbc6 9. Bd3 dxc4 10. Bxc4 O-O 11. Bd3 Ng6 12. Be3 cxd4 13. cxd4 b6 14. Ng5 h6
15. Nxf7 Rxf7 16. Bxg6 Rd7 17. Be4 Bb7 18. Qg4 Nxd4 19. Rd1 Bxe4 20. Qxe4 Nc6
21. Rc1 Rd5 22. O-O Qd7 23. Bxh6 Rxe5 24. Qg4 Nd4 25. Be3 Nf5 26. Bf4 Rd5 27.
Rc7 Qd8 28. Rfc1 Qf6 29. Bg5 Qe5 30. h4 Rf8 31. Rxa7 Rd4 32. Qh5 Re4 33. g4 Ng3
34. Rxg7+ Qxg7 35. fxg3 Re2 0-1

[Event "CAN-Tch University"]
[Site "Montreal"]
[Date "2013.01.12"]
[Round "1"]
[White "Xiong, Jerry"]
[Black "Mai, Lloyd"]
[Result "0-1"]
[WhiteElo "2291"]
[BlackElo "2309"]
[PlyCount "62"]
[EventDate "2013.01.12"]
[EventRounds "5"]
[EventCountry "CAN"]
[SourceDate "2005.09.12"]

1. e4 c5 2. Nf3 d6 3. d4 cxd4 4. Nxd4 Nf6 5. Nc3 g6 6. Be3 Bg7 7. f3 O-O 8. Qd2
Nc6 9. O-O-O d5 10. Kb1 Rb8 11. Bf4 e5 12. Nxc6 bxc6 13. Bxe5 Nxe4 14. fxe4
Bxe5 15. b3 Qf6 16. Na4 dxe4 17. Bc4 Bf5 18. Qe3 Rb4 19. a3 Rxa4 20. bxa4 Rb8+
21. Bb3 Ba1 22. Qc1 c5 23. Ka2 Be5 24. Rhf1 c4 25. Qe3 Qc6 26. Rf2 Be6 27. Rb1
Qb6 28. Qxb6 Rxb6 29. g3 cxb3+ 30. cxb3 e3 31. Re2 Rd6 0-1

[Event "CAN-Tch University"]
[Site "Montreal"]
[Date "2013.01.12"]
[Round "1"]
[White "Sundar, Avinaash"]
[Black "Palmer, Jordan"]
[Result "1-0"]
[WhiteElo "2203"]
[BlackElo "1976"]
[PlyCount "60"]
[EventDate "2013.01.12"]
[EventRounds "5"]
[EventCountry "CAN"]
[SourceDate "2005.09.12"]

1. Nf3 g6 2. c4 c5 3. d4 cxd4 4. Nxd4 Bg7 5. e4 d6 6. Nc3 Nf6 7. Be2 O-O 8. O-O
Bd7 9. Bg5 Nc6 10. Nb3 Rc8 11. c5 Ne8 12. Qd2 b6 13. cxb6 Qxb6 14. Nd5 Qd8 15.
Rac1 f6 16. Be3 f5 17. Ba6 Rb8 18. Bg5 Nf6 19. exf5 Ne4 20. Qe3 Nxg5 21. Qxg5
Rxf5 22. Qd2 Ne5 23. Rfe1 Be6 24. Nd4 Nf3+ 25. gxf3 Rxd5 26. Nxe6 Rxd2 27. Nxd8
Rxd8 28. Rxe7 Rxb2 29. Rcc7 Bd4 30. Bc4+ d5 1-0

[Event "CAN-Tch University"]
[Site "Montreal"]
[Date "2013.01.12"]
[Round "1"]
[White "Riordon, Jason"]
[Black "Chung, Kevin"]
[Result "1-0"]
[WhiteElo "2035"]
[BlackElo "2286"]
[PlyCount "87"]
[EventDate "2013.01.12"]
[EventRounds "5"]
[EventCountry "CAN"]
[SourceDate "2005.09.12"]

1. e4 e6 2. d4 d5 3. Nd2 h6 4. e5 c5 5. c3 Ne7 6. Bd3 Qb6 7. Ne2 Nec6 8. Nf3
cxd4 9. cxd4 Bb4+ 10. Bd2 Bxd2+ 11. Qxd2 Qb4 12. Rc1 Qxd2+ 13. Nxd2 f6 14. O-O
O-O 15. f4 Bd7 16. a3 Be8 17. g4 Nd7 18. Nf3 Bf7 19. Rc3 Rac8 20. Rfc1 Ne7 21.
Rc7 Rxc7 22. Rxc7 Be8 23. Rxb7 fxe5 24. Nxe5 Nxe5 25. dxe5 Ng6 26. Bxg6 Bxg6
27. Rxa7 Bd3 28. Kf2 Bxe2 29. Kxe2 Rxf4 30. b4 Rxg4 31. b5 Rg2+ 32. Kf3 Rb2 33.
a4 Kf8 34. h4 g6 35. Ke3 Ke8 36. Kd4 Rc2 37. b6 Rc4+ 38. Kd3 Rb4 39. a5 Kd8 40.
Rg7 Kc8 41. Rxg6 Rxh4 42. a6 Ra4 43. Rg8+ Kd7 44. a7 1-0

[Event "CAN-Tch University"]
[Site "Montreal"]
[Date "2013.01.12"]
[Round "2"]
[White "Xu, Haizhou"]
[Black "Kleinman, Michael"]
[Result "0-1"]
[WhiteElo "2320"]
[BlackElo "2393"]
[PlyCount "92"]
[EventDate "2013.01.12"]
[EventRounds "5"]
[EventCountry "CAN"]
[SourceDate "2005.09.12"]

1. e4 c5 2. Nf3 Nc6 3. d3 g6 4. g3 Bg7 5. Bg2 e6 6. O-O Nge7 7. Nbd2 O-O 8. Re1
d5 9. h4 Qc7 10. c3 b6 11. Qe2 dxe4 12. dxe4 e5 13. Nf1 f6 14. Ne3 Be6 15. Qc2
Rfd8 16. b3 b5 17. Bb2 a6 18. Rad1 Qb6 19. h5 Rxd1 20. Rxd1 Rd8 21. hxg6 hxg6
22. Rxd8+ Qxd8 23. Qd2 Bh6 24. Qxd8+ Nxd8 25. Bc1 Kf7 26. Bd2 Nc8 27. Nd5 Bxd2
28. Nxd2 Bxd5 29. exd5 f5 30. Bf1 Nb6 31. c4 b4 32. g4 e4 33. gxf5 gxf5 34. Bg2
a5 35. Kf1 Kg6 36. Ke2 Nf7 37. Ke3 Ne5 38. f3 exf3 39. Nxf3 Kf6 40. Bh3 Nxf3
41. Kxf3 Ke5 42. Ke3 a4 43. Kd3 a3 44. Bg2 Nc8 45. Ke3 Nd6 46. Ke2 Nxc4 0-1

[Event "CAN-Tch University"]
[Site "Montreal"]
[Date "2013.01.12"]
[Round "2"]
[White "Sturt, Raven"]
[Black "Derraugh, Geordie"]
[Result "1-0"]
[WhiteElo "2294"]
[BlackElo "2242"]
[PlyCount "117"]
[EventDate "2013.01.12"]
[EventRounds "5"]
[EventCountry "CAN"]
[SourceDate "2005.09.12"]

1. d4 Nf6 2. c4 g6 3. Nc3 d5 4. Nf3 Bg7 5. cxd5 Nxd5 6. g3 O-O 7. Bg2 Nxc3 8.
bxc3 c5 9. O-O Nc6 10. e3 Qa5 11. Qb3 Rb8 12. Qa3 Re8 13. Nd2 Qxa3 14. Bxa3
cxd4 15. cxd4 Bd7 16. Rac1 Bf8 17. Nb3 Rec8 18. Nc5 Be8 19. d5 Ne5 20. Bh3 Rd8
21. Rfd1 Bb5 22. Bf1 Nf3+ 23. Kg2 Bxf1+ 24. Rxf1 Ne5 25. Rfd1 Nd7 26. Ne4 Nb6
27. d6 exd6 28. Nf6+ Kh8 29. Rc7 Bg7 30. Bb2 Rf8 31. Rxd6 Rbc8 32. Rxc8 Rxc8
33. Bd4 Bxf6 34. Bxf6+ Kg8 35. g4 Kf8 36. h4 Ke8 37. Rd2 Nd7 38. Bd4 b6 39. g5
Ke7 40. f4 Ke6 41. Kf3 Rc1 42. h5 f6 43. hxg6 hxg6 44. Rg2 f5 45. Rh2 Nc5 46.
Bxc5 Rxc5 47. Rh7 Rc6 48. Rxa7 Kd5 49. Rd7+ Kc5 50. Rf7 Re6 51. a4 Kd6 52. Ke2
Kc6 53. Rf6 Kd6 54. Kd3 Kd5 55. Rxe6 Kxe6 56. Kc4 Kd6 57. Kd4 Ke6 58. e4 fxe4
59. Kxe4 1-0

[Event "CAN-Tch University"]
[Site "Montreal"]
[Date "2013.01.12"]
[Round "2"]
[White "Yu, Jonathan"]
[Black "MacKinnon, Keith"]
[Result "1/2-1/2"]
[WhiteElo "2133"]
[BlackElo "2320"]
[PlyCount "36"]
[EventDate "2013.01.12"]
[EventRounds "5"]
[EventCountry "CAN"]
[SourceDate "2005.09.12"]

1. e4 d5 2. exd5 Qxd5 3. d4 Nf6 4. c4 Qd8 5. Nc3 Bg4 6. Be2 Bxe2 7. Ngxe2 e6 8.
Qb3 Qc8 9. O-O Nbd7 10. Bf4 a6 11. Rfe1 Be7 12. d5 e5 13. Ng3 Bd6 14. Nce4 Nxe4
15. Nxe4 O-O 16. Be3 f5 17. c5 fxe4 18. cxd6 cxd6 1/2-1/2

[Event "CAN-Tch University"]
[Site "Montreal"]
[Date "2013.01.12"]
[Round "2"]
[White "Ah-Lan, Kenny"]
[Black "Ferreira, Alex"]
[Result "0-1"]
[WhiteElo "2015"]
[BlackElo "2071"]
[PlyCount "96"]
[EventDate "2013.01.12"]
[EventRounds "5"]
[EventCountry "CAN"]
[SourceDate "2005.09.12"]

1. d4 d5 2. c4 e5 3. dxe5 d4 4. Nf3 Nc6 5. g3 Be6 6. Nbd2 Qd7 7. Bg2 O-O-O 8.
O-O Nge7 9. a3 Ng6 10. Qa4 Kb8 11. b4 Ncxe5 12. Qxd7 Rxd7 13. c5 Be7 14. Bb2
Nxf3+ 15. Nxf3 Bf6 16. Rfd1 Rhd8 17. Rd3 Bc4 18. Rd2 d3 19. Bxf6 gxf6 20. e3
Ne5 21. Nxe5 fxe5 22. Rc1 Bb5 23. Be4 h6 24. f3 Bc6 25. Bxc6 bxc6 26. e4 Kb7
27. Rc3 Ka6 28. a4 Rd4 29. Rb3 Rb8 30. Rdxd3 Rbxb4 31. Rxb4 Rxd3 32. Kf2 Rc3
33. h4 Rxc5 34. g4 Rc2+ 35. Ke3 Rc3+ 36. Ke2 c5 37. Rb1 Ra3 38. h5 f6 39. Rb5
Rxa4 40. Rxc5 Kb6 41. Rc3 c5 42. Rd3 Rd4 43. Rxd4 cxd4 44. f4 exf4 45. e5 Kc6
46. exf6 Kd6 47. g5 Ke6 48. g6 Kxf6 0-1

[Event "CAN-Tch University"]
[Site "Montreal"]
[Date "2013.01.12"]
[Round "3"]
[White "Kleinman, Michael"]
[Black "Szalay, Karoly"]
[Result "1-0"]
[WhiteElo "2393"]
[BlackElo "2371"]
[PlyCount "71"]
[EventDate "2013.01.12"]
[EventRounds "5"]
[EventCountry "CAN"]
[SourceDate "2005.09.12"]

1. e4 e5 2. Nf3 Nc6 3. Bb5 a6 4. Ba4 Nf6 5. O-O b5 6. Bb3 Bc5 7. a4 Bb7 8. d3
d6 9. Nc3 b4 10. Nd5 Na5 11. Bg5 Nxb3 12. Bxf6 gxf6 13. cxb3 Bxd5 14. exd5 Qd7
15. Nh4 Rg8 16. Qf3 O-O-O 17. Qxf6 Qg4 18. Qf5+ Qxf5 19. Nxf5 Rg5 20. Ne7+ Kd7
21. Nc6 Rdg8 22. g3 h5 23. Kg2 h4 24. Rac1 f5 25. Nxe5+ dxe5 26. Rxc5 f4 27. g4
Kd6 28. Rfc1 Rxg4+ 29. Kf3 Rg1 30. Rc6+ Kxd5 31. R1c5+ Kd4 32. Ra5 Rd8 33. Ke2
f3+ 34. Kd2 Rd1+ 35. Kxd1 Kxd3 36. Rxe5 1-0

[Event "CAN-Tch University"]
[Site "Montreal"]
[Date "2013.01.12"]
[Round "3"]
[White "MacKinnon, Keith"]
[Black "Chung, Kevin"]
[Result "1-0"]
[WhiteElo "2320"]
[BlackElo "2286"]
[PlyCount "153"]
[EventDate "2013.01.12"]
[EventRounds "5"]
[EventCountry "CAN"]
[SourceDate "2005.09.12"]

1. e4 e6 2. d4 d5 3. Nd2 h6 4. Ngf3 Nf6 5. Bd3 c5 6. exd5 Qxd5 7. Bc4 Qh5 8.
O-O Bd6 9. dxc5 Bxc5 10. Nb3 O-O 11. Nxc5 Qxc5 12. Qe2 Nc6 13. Be3 Qh5 14. Bf4
b6 15. Ne5 Qf5 16. Bg3 Nxe5 17. Bxe5 Bb7 18. f3 Nd7 19. Bd6 Rfd8 20. Rad1 Nf8
21. Rf2 Rac8 22. Bb3 Ng6 23. Qe3 Ne5 24. Rd4 Ng6 25. c4 Qf6 26. Rfd2 Nh4 27.
Be5 Qe7 28. Bc2 Rxd4 29. Rxd4 Nf5 30. Bxf5 exf5 31. Bf4 Qxe3+ 32. Bxe3 Bc6 33.
Rd6 Be8 34. b3 Kf8 35. Rd5 Ke7 36. Rxf5 Ke6 37. Rf4 f5 38. Rd4 b5 39. cxb5 Bxb5
40. Rb4 a6 41. a4 Bd3 42. Rb7 Rg8 43. b4 Kd6 44. h4 Ke5 45. Rd7 Bc2 46. Bd4+
Ke6 47. Ra7 Bxa4 48. Rxa6+ Kd5 49. Bxg7 Bb5 50. Rb6 Kc4 51. Bc3 Be8 52. Bd2 Rg6
53. Rb8 Bb5 54. Rd8 Re6 55. Kf2 Kb3 56. Rd4 Bc4 57. Rd8 Ka4 58. Kg3 Bf1 59. Kf2
Bc4 60. Kg1 Rg6 61. Rh8 Rd6 62. Bxh6 Rd1+ 63. Kf2 Kxb4 64. Rf8 Rd5 65. Ke3 Kc5
66. Rc8+ Kb5 67. Bf8 Bf1 68. g3 Bg2 69. Rc1 Bh3 70. Rh1 Bg2 71. Rh2 Bf1 72. h5
Rd7 73. h6 f4+ 74. Kxf4 Rf7+ 75. Kg5 Rxf8 76. h7 Rh8 77. Kg6 1-0

[Event "CAN-Tch University"]
[Site "Montreal"]
[Date "2013.01.12"]
[Round "3"]
[White "Xiong, Jerry"]
[Black "Sturt, Raven"]
[Result "1-0"]
[WhiteElo "2291"]
[BlackElo "2294"]
[PlyCount "123"]
[EventDate "2013.01.12"]
[EventRounds "5"]
[EventCountry "CAN"]
[SourceDate "2005.09.12"]

1. e4 c6 2. d4 d5 3. e5 Bf5 4. Bd3 Bxd3 5. Qxd3 e6 6. Ne2 c5 7. c3 Nc6 8. O-O
Qd7 9. f4 c4 10. Qc2 g6 11. Be3 h5 12. Nd2 Nh6 13. Nf3 Nf5 14. Bf2 h4 15. Rab1
b5 16. b4 a5 17. a3 Be7 18. Rb2 O-O 19. Rfb1 axb4 20. axb4 Ra3 21. g4 hxg3 22.
hxg3 Rfa8 23. Kg2 Qa7 24. g4 Nh6 25. Kg3 Ra1 26. Be3 Bf8 27. Nh4 Rxb1 28. Rxb1
Bg7 29. Qd2 Qa2 30. Rb2 Qa1 31. Rc2 Qh1 32. f5 Kh7 33. Nf3 Ra1 34. f6 Rf1 35.
Neg1 Bf8 36. Qh2 Qxh2+ 37. Rxh2 Kg8 38. Bxh6 Bxh6 39. Rxh6 Nb8 40. Ne2 Nd7 41.
Ng5 Nf8 42. Kg2 Ra1 43. Kf2 Rb1 44. Ke3 Rd1 45. Rh2 Ra1 46. Rg2 Ra2 47. Rg1 Nd7
48. Rh1 Nf8 49. Nf3 Nd7 50. Rd1 Nb6 51. Ng5 Nd7 52. Rd2 Ra1 53. Rc2 Nf8 54. Nc1
Nh7 55. Nxh7 Kxh7 56. Rh2+ Kg8 57. Kd2 Ra8 58. Kc2 Ra7 59. Kb2 Ra8 60. Ne2 Ra7
61. Ng1 g5 62. Nf3 1-0

[Event "CAN-Tch University"]
[Site "Montreal"]
[Date "2013.01.12"]
[Round "3"]
[White "Sundar, Avinaash"]
[Black "Ah-Lan, Kenny"]
[Result "1/2-1/2"]
[WhiteElo "2203"]
[BlackElo "2015"]
[PlyCount "98"]
[EventDate "2013.01.12"]
[EventRounds "5"]
[EventCountry "CAN"]
[SourceDate "2005.09.12"]

1. Nf3 d5 2. c4 c6 3. e3 Nf6 4. d4 e6 5. Nc3 Nbd7 6. cxd5 exd5 7. Bd3 Bd6 8.
O-O O-O 9. Bd2 Re8 10. Rb1 a5 11. a3 Qe7 12. Qc2 Ne4 13. Ne2 Ndf6 14. Ng3 g6
15. Be1 a4 16. Nd2 Nxg3 17. hxg3 Bd7 18. Nf3 Ne4 19. Bc3 Bf5 20. Rfe1 f6 21.
Nh4 Bd7 22. Nf3 Kg7 23. Nd2 Bf5 24. Bxe4 Bxe4 25. Nxe4 Qxe4 26. Qxe4 Rxe4 27.
Rec1 Kf7 28. Bb4 Ke6 29. Rc3 Kd7 30. Ra1 Ree8 31. Kf1 Ra6 32. Bxd6 Kxd6 33. b4
axb3 34. Rxb3 b5 35. Rc1 Rea8 36. Rbc3 Rb6 37. g4 Ra4 38. Rb3 Rba6 39. Rcc3 Ra7
40. Ke2 Rf7 41. f4 Re7 42. Kf3 Rea7 43. Kg3 g5 44. Kf3 R4a6 45. g3 Re7 46. Rb4
Rea7 47. Rbb3 Re7 48. Rd3 Ra4 49. Rdc3 Ra6 1/2-1/2

[Event "CAN-Tch University"]
[Site "Montreal"]
[Date "2013.01.13"]
[Round "4"]
[White "Sturt, Raven"]
[Black "Mai, Lloyd"]
[Result "1-0"]
[WhiteElo "2294"]
[BlackElo "2309"]
[PlyCount "117"]
[EventDate "2013.01.12"]
[EventRounds "5"]
[EventCountry "CAN"]
[SourceDate "2005.09.12"]

1. d4 g6 2. c4 Bg7 3. Nc3 d6 4. Nf3 Nf6 5. e4 O-O 6. Be2 e5 7. dxe5 dxe5 8. Bg5
Qe8 9. O-O Na6 10. h3 Nc5 11. Qc2 c6 12. Rfd1 Qe7 13. Be3 Nh5 14. Bf1 f5 15. b4
Ne6 16. exf5 gxf5 17. Rab1 f4 18. Bc5 Nxc5 19. bxc5 Qxc5 20. Bd3 Nf6 21. Nh4 b6
22. Ne4 Qe7 23. Nxf6+ Bxf6 24. Nf5 Bxf5 25. Bxf5 Rad8 26. Qe4 Qc7 27. Bg4 Rd4
28. Rxd4 exd4 29. Bf3 c5 30. Re1 Kh8 31. Qf5 Bg7 32. Qg4 Qf7 33. Bd5 Qg6 34.
Qf3 Re8 35. Rxe8+ Qxe8 36. Be4 Qf7 37. Bd3 Be5 38. Qa8+ Qg8 39. Qxa7 f3 40. g4
Bd6 41. Qd7 Be5 42. Qe7 Bg7 43. a4 Qa8 44. Qf7 Qxa4 45. Qf5 Kg8 46. Qxh7+ Kf8
47. Qf5+ Ke7 48. Qxf3 Qd7 49. Bf5 Qd6 50. Qb7+ Kf6 51. Bd3 Bh6 52. h4 Bf4 53.
g5+ Ke6 54. Kg2 Be5 55. Bg6 Qc7 56. Qd5+ Ke7 57. f4 Bxf4 58. Qf7+ Kd8 59. Qe8#
1-0

[Event "CAN-Tch University"]
[Site "Montreal"]
[Date "2013.01.13"]
[Round "4"]
[White "Voloaca, Mihnea"]
[Black "Kleinman, Michael"]
[Result "1-0"]
[WhiteElo "2332"]
[BlackElo "2393"]
[PlyCount "69"]
[EventDate "2013.01.12"]
[EventRounds "5"]
[EventCountry "CAN"]
[SourceDate "2005.09.12"]

1. d4 Nf6 2. c4 g6 3. Nc3 d5 4. Nf3 Bg7 5. cxd5 Nxd5 6. Bd2 O-O 7. Rc1 Nb6 8.
Bg5 Be6 9. e4 Bg4 10. Be3 Nc6 11. d5 Ne5 12. h3 Bxf3 13. gxf3 c6 14. dxc6 bxc6
15. Be2 Qb8 16. b3 Rd8 17. Qc2 Qb7 18. f4 Ned7 19. h4 c5 20. Bf3 e5 21. h5 exf4
22. Bxf4 Ne5 23. Be2 c4 24. hxg6 hxg6 25. bxc4 Nbxc4 26. Nd5 Nb6 27. Qb3 Rac8
28. Rxc8 Rxc8 29. Bg5 Rc5 30. Rh4 Qd7 31. Nf6+ Bxf6 32. Bxf6 Rc1+ 33. Bd1 Qxd1+
34. Qxd1 Nf3+ 35. Ke2 1-0

[Event "CAN-Tch University"]
[Site "Montreal"]
[Date "2013.01.13"]
[Round "4"]
[White "Riordon, Jason"]
[Black "MacKinnon, Keith"]
[Result "1-0"]
[WhiteElo "2035"]
[BlackElo "2320"]
[PlyCount "75"]
[EventDate "2013.01.12"]
[EventRounds "5"]
[EventCountry "CAN"]
[SourceDate "2005.09.12"]

1. e4 c5 2. Nf3 d6 3. d4 cxd4 4. Nxd4 Nf6 5. f3 g6 6. c4 Bg7 7. Be3 Nc6 8. Qd2
O-O 9. Nc3 Be6 10. Be2 Nxd4 11. Bxd4 Qa5 12. b4 Qxb4 13. Rb1 Qa5 14. Rxb7 Qa6
15. Rb5 Bd7 16. Rb3 Qa5 17. O-O Rfc8 18. Qb2 Qd8 19. Rb1 e5 20. Be3 Be6 21. Nd5
Nd7 22. Rb7 Nc5 23. Ne7+ Kf8 24. Nxc8 Nxb7 25. Nxa7 Na5 26. Qb4 Qc7 27. Bb6 Nc6
28. Bxc7 Nxb4 29. Bxd6+ Ke8 30. Rxb4 Rxa7 31. c5 Bxa2 32. Bb5+ Kd8 33. Bc6 Be6
34. Rb8+ Bc8 35. Bd5 Bf6 36. c6 Bg7 37. Kf2 Bf6 38. Bc5 1-0